|
|
|
|
| LEADER |
01552nam a22003974a 4500 |
| 001 |
EBC275219 |
| 003 |
MiAaPQ |
| 005 |
20200520144314.0 |
| 006 |
m o d | |
| 007 |
cr cn||||||||| |
| 008 |
031230s2004 enka sb 001 0 eng |
| 010 |
|
|
|z 2003069755
|
| 020 |
|
|
|z 0521836700 (hardback)
|
| 020 |
|
|
|z 0521545250 (paperback)
|
| 035 |
|
|
|a (MiAaPQ)EBC275219
|
| 035 |
|
|
|a (Au-PeEL)EBL275219
|
| 035 |
|
|
|a (CaPaEBR)ebr10150238
|
| 035 |
|
|
|a (CaONFJC)MIL70220
|
| 035 |
|
|
|a (OCoLC)814469784
|
| 040 |
|
|
|a MiAaPQ
|c MiAaPQ
|d MiAaPQ
|
| 043 |
|
|
|a d------
|
| 050 |
|
4 |
|a HD3616.D452
|b K64 2004
|
| 082 |
0 |
4 |
|a 338.9/009172/4
|2 22
|
| 100 |
1 |
|
|a Kohli, Atul.
|
| 245 |
1 |
0 |
|a State-directed development
|h [electronic resource] :
|b political power and industrialization in the global periphery /
|c Atul Kohli.
|
| 260 |
|
|
|a Cambridge, UK ;
|a New York :
|b Cambridge University Press,
|c 2004.
|
| 300 |
|
|
|a xii, 466 p. :
|b ill.
|
| 504 |
|
|
|a Includes bibliographical references (p. 427-445) and index.
|
| 533 |
|
|
|a Electronic reproduction. Ann Arbor, MI : ProQuest, 2015. Available via World Wide Web. Access may be limited to ProQuest affiliated libraries.
|
| 650 |
|
0 |
|a Industrial policy
|z Developing countries.
|
| 650 |
|
0 |
|a Industrialization
|z Developing countries.
|
| 651 |
|
0 |
|a Developing countries
|x Economic policy.
|
| 651 |
|
0 |
|a Developing countries
|x Politics and government.
|
| 655 |
|
4 |
|a Electronic books.
|
| 710 |
2 |
|
|a ProQuest (Firm)
|
| 856 |
4 |
0 |
|u https://ebookcentral.proquest.com/lib/matrademy/detail.action?docID=275219
|z Click to View
|